[Event "Baku Open 2014"]
[Site "Baku AZE"]
[Date "2014.09.27"]
[Round "6.26"]
[White "Khalafova, Narmin"]
[Black "Zanan, Evgeny"]
[Result "0-1"]
[WhiteTitle "WFM"]
[BlackTitle "FM"]
[WhiteElo "2166"]
[BlackElo "2303"]
[WhiteFideId "13402625"]
[BlackFideId "24101940"]
[EventDate "2014.09.22"]

1. e4 c5 2. Nf3 e6 3. d4 cxd4 4. Nxd4 a6 5. Bd3 Bc5 6. Nb3 Ba7 7. Qg4 Nf6 8. Qg3
Nc6 9. Nc3 d6 10. O-O b5 11. Kh1 Bb7 12. Bd2 Qe7 13. f4 b4 14. Nd5 Nxe4 15. Bxe4
exd5 16. Bxd5 O-O 17. Rae1 Qf6 18. f5 Rfe8 19. Qg4 Rab8 20. Bg5 Rxe1 21. Rxe1
Ne5 22. Qf4 Ng6 23. Qd2 Qxf5 24. Bxb7 h6 25. Bxh6 Rxb7 26. Bg5 Ne5 27. Qxd6 Rd7
28. Qxa6 Qxg5 29. h3 Qg3 30. Qe2 Ng4 31. Qe8+ Kh7 32. Rf1 Qh2# 0-1

[Event "Baku Open 2014"]
[Site "Baku AZE"]
[Date "2014.09.27"]
[Round "6.27"]
[White "Nugumanov, Bakhtiyar"]
[Black "Pirverdiyev, Agil"]
[Result "1/2-1/2"]
[WhiteTitle "FM"]
[WhiteElo "2287"]
[BlackElo "2209"]
[WhiteFideId "13701797"]
[BlackFideId "13400568"]
[EventDate "2014.09.22"]

1. b3 e5 2. Bb2 d6 3. e3 f5 4. d4 e4 5. c4 Nf6 6. Nc3 g6 7. h4 Qe7 8. Nh3 Bg7 9.
Nf4 c6 10. h5 g5 11. h6 Bf8 12. Nh5 Ng4 13. d5 Rg8 14. Ng7+ Bxg7 15. hxg7 Rxg7
16. dxc6 bxc6 17. Qd4 Ne5 18. Rh6 Rg6 19. Rxg6 hxg6 20. O-O-O Be6 21. c5 Nbd7
22. cxd6 Qd8 23. Na4 Qa5 24. Bc3 Qd5 25. Qb4 Nd3+ 26. Bxd3 exd3 27. f3 c5 28.
Qb5 c4 29. Qxd5 Bxd5 30. e4 fxe4 31. fxe4 Bc6 32. Rh1 Kf7 33. Rh7+ Ke6 34. e5
Kd5 35. Re7 Rf8 36. e6 Bxa4 37. exd7 Bc6 38. bxc4+ Kxc4 39. Ba5 Rf1+ 40. Kb2
Rf2+ 41. Kc1 Bxd7 42. Rxd7 Kd5 43. Bd2 Rxg2 44. Rxa7 Kxd6 45. Ra6+ Kc5 46. Rxg6
g4 47. a4 Kc4 48. a5 Rg1+ 49. Kb2 Rg2 50. Kc1 Rg1+ 1/2-1/2

[Event "Baku Open 2014"]
[Site "Baku AZE"]
[Date "2014.09.27"]
[Round "6.28"]
[White "Gadimbayli, Abdulla"]
[Black "Lorparizangeneh, Shahin"]
[Result "0-1"]
[WhiteTitle "FM"]
[BlackTitle "FM"]
[WhiteElo "2162"]
[BlackElo "2277"]
[WhiteFideId "13404938"]
[BlackFideId "12521604"]
[EventDate "2014.09.22"]

1. e4 c6 2. d4 d5 3. exd5 cxd5 4. c4 Nf6 5. Nc3 Nc6 6. Bg5 dxc4 7. Bxc4 h6 8.
Bh4 Qxd4 9. Qxd4 Nxd4 10. O-O-O e5 11. Nf3 Nxf3 12. gxf3 Be6 13. Bb5+ Nd7 14.
Rhe1 g5 15. Rxe5 O-O-O 16. Bxd7+ Rxd7 17. Rxd7 Kxd7 18. Bg3 f5 19. f4 Bd6 20.
Re1 gxf4 21. Bh4 Rg8 22. Rd1 a6 23. Bf6 Kc7 24. Re1 Kd7 25. Rd1 Kc7 26. Re1 Bf7
27. Be5 Rg2 28. Kb1 Bxe5 29. Rxe5 Kd6 30. Re2 Rxh2 31. Rd2+ Ke5 32. Na4 Bd5 33.
b3 h5 34. Nc5 Be4+ 35. Kb2 f3 36. Kc3 h4 37. Nd7+ Kf4 38. Nf6 h3 39. Nh5+ Kg4
40. Ng3 Rxf2 41. Rxf2 Kxg3 0-1

[Event "Baku Open 2014"]
[Site "Baku AZE"]
[Date "2014.09.27"]
[Round "6.29"]
[White "Shahaliyev, Ismayil"]
[Black "Omar, Noaman"]
[Result "1-0"]
[BlackTitle "IM"]
[WhiteElo "2206"]
[BlackElo "2355"]
[WhiteFideId "13406388"]
[BlackFideId "9300244"]
[EventDate "2014.09.22"]

1. e4 c6 2. d4 d5 3. Nd2 dxe4 4. Nxe4 Bf5 5. Ng3 Bg6 6. Nf3 Nd7 7. Bd3 e6 8. O-O
Ngf6 9. Bxg6 hxg6 10. Bf4 Be7 11. c4 O-O 12. Qd3 b5 13. b3 bxc4 14. bxc4 Qa5 15.
c5 Qa4 16. Ne2 Nd5 17. Bg3 Rfd8 18. Rfc1 N7f6 19. Rc4 Qa6 20. Qc2 Qc8 21. h3 a5
22. a3 Rd7 23. Rb1 Rb7 24. Rb3 Raa7 25. Nc1 Rxb3 26. Nxb3 Bd8 27. Nbd2 Qa6 28.
Qa4 Nd7 29. Rc1 Rb7 30. Nc4 Rb5 31. Nfd2 Bg5 32. Rc2 Bf4 33. Bxf4 Nxf4 34. Nd6
Rb8 35. N2c4 e5 36. dxe5 Nxc5 37. Qxa5 Qxa5 38. Nxa5 Rb1+ 39. Kh2 Ncd3 40. Nxc6
Nxg2 41. Ne7+ Kf8 42. Nd5 Rb8 43. Rc7 Nh4 44. Rxf7+ Kg8 45. e6 Nc5 46. Nc7 Nb7
47. Nxb7 Rxb7 48. e7 Rb8 49. Rf4 1-0

[Event "Baku Open 2014"]
[Site "Baku AZE"]
[Date "2014.09.27"]
[Round "6.30"]
[White "Atakisi, Umut"]
[Black "Fataliyeva, Ulviyya"]
[Result "0-1"]
[WhiteTitle "IM"]
[BlackTitle "WFM"]
[WhiteElo "2343"]
[BlackElo "2117"]
[WhiteFideId "6301037"]
[BlackFideId "13403052"]
[EventDate "2014.09.22"]

1. e4 e6 2. d4 d5 3. Nd2 dxe4 4. Nxe4 Be7 5. Nf3 Nd7 6. Bd3 Ngf6 7. Nxf6+ Bxf6
8. O-O c5 9. Be3 O-O 10. c3 cxd4 11. Nxd4 Nb6 12. Qc2 g6 13. Rad1 Bd7 14. Bh6
Bg7 15. Bxg7 Kxg7 16. Rfe1 Qc7 17. Qe2 a6 18. Qe5+ Qxe5 19. Rxe5 Rfe8 20. Re2 e5
21. Nb3 f5 22. Na5 Rab8 23. Bc2 Re7 24. Red2 Bb5 25. b3 Rc8 26. c4 Be8 27. Rd6
Na8 28. Rd8 Rxd8 29. Rxd8 Nc7 30. Nxb7 Ne6 31. Rb8 Nd4 32. Bd1 Nc6 33. Ra8 Rd7
34. Be2 Kf7 35. Nc5 Rd2 36. Bf1 a5 37. a3 e4 38. b4 axb4 39. axb4 Nxb4 40. Ra7+
Kf6 41. Rxh7 Bf7 42. g4 Nc2 43. Rh3 Rd1 44. Kg2 Ne1+ 45. Kg3 Nf3 46. gxf5 gxf5
47. Nxe4+ fxe4 48. Be2 Rg1+ 49. Kf4 Nd4 50. Ke3 Nxe2 51. Kxe2 Bxc4+ 52. Ke3 Bd5
53. Rh5 Rg5 54. Rh6+ Ke5 55. h4 Rf5 56. Rh8 Rf3+ 57. Ke2 Bc4+ 58. Ke1 Bd3 59. h5
Kf6 60. Rg8 Rh3 61. Kd2 Bc4 62. Rg6+ Kf5 63. Rd6 Ke5 64. Rh6 Bf7 65. f3 exf3 66.
Ke3 Rxh5 67. Ra6 Bd5 68. Ra1 Rh2 69. Ra5 Re2+ 70. Kd3 Re4 0-1

[Event "Baku Open 2014"]
[Site "Baku AZE"]
[Date "2014.09.27"]
[Round "6.31"]
[White "Andrenko, Irina"]
[Black "Asgarov, Mushfig"]
[Result "0-1"]
[WhiteTitle "WIM"]
[WhiteElo "2199"]
[BlackElo "2260"]
[WhiteFideId "14118270"]
[BlackFideId "13401734"]
[EventDate "2014.09.22"]

1. e4 c5 2. Nf3 d6 3. d4 cxd4 4. Nxd4 Nf6 5. Nc3 a6 6. Bg5 e6 7. f4 Be7 8. Qf3
Qc7 9. O-O-O Nbd7 10. g4 b5 11. Bxf6 Nxf6 12. g5 Nd7 13. f5 Bxg5+ 14. Kb1 Ne5
15. Qh5 Qd8 16. h4 Bf6 17. fxe6 g6 18. exf7+ Kxf7 19. Qh6 Ng4 20. Qf4 Kg7 21.
Nc6 Be5 22. Nxe5 dxe5 23. Qg3 Qe8 24. Be2 h5 25. Bxg4 Bxg4 26. Rd5 Qb8 27. Qe3
Re8 28. Qg5 Qc7 29. Nd1 Qe7 30. Qd2 Rad8 31. Ne3 Bf3 32. Rg1 Bxe4 33. Rxd8 Rxd8
34. Qc3 Qd6 35. a3 Qd4 36. Qe1 Rf8 37. Qg3 Qd6 38. Qg5 Kh7 39. Rd1 Qe6 40. Rd8
Rxd8 41. Qxd8 Qf7 42. Ka1 Qf4 43. Kb1 a5 44. b3 a4 45. bxa4 bxa4 46. Kb2 Qf7 47.
Kc1 Qa7 48. Qg5 Qc5 49. Kb2 Qd4+ 50. Kb1 Qd6 51. Kb2 Kg7 52. Qg3 Qb6+ 53. Ka2
Qd4 54. Qg5 Kf7 55. Qh6 Kg8 56. Qg5 Qd6 57. Kb2 Kg7 58. Qg3 Qb6+ 59. Ka2 Qf6 60.
Qe1 g5 61. Qb4 Bg6 62. hxg5 Qxg5 63. Nd5 Bf7 64. c4 Qg2+ 65. Ka1 Qf1+ 66. Kb2
Qf2+ 67. Kb1 Bg6+ 68. Ka1 Qf1+ 69. Ka2 Qe2+ 70. Ka1 Qd1+ 71. Ka2 Qc2+ 72. Ka1
Qc1+ 73. Ka2 Bb1+ 74. Qxb1 Qxc4+ 75. Ka1 Qd4+ 76. Qb2 Qxd5 77. Qh2 Qd1+ 78. Ka2
Qb3+ 79. Ka1 Qxa3+ 80. Kb1 Qb3+ 81. Ka1 Qc3+ 82. Ka2 a3 83. Qg1+ Kh8 84. Qb6
Qb2+ 0-1

[Event "Baku Open 2014"]
[Site "Baku AZE"]
[Date "2014.09.27"]
[Round "6.32"]
[White "Bayramov, Vugar"]
[Black "Shabanov, Nurlan"]
[Result "1-0"]
[WhiteElo "2254"]
[BlackElo "2106"]
[WhiteFideId "13400916"]
[BlackFideId "13400100"]
[EventDate "2014.09.22"]

1. d4 d6 2. Nf3 g6 3. Bf4 Bg7 4. e3 Nf6 5. Bc4 O-O 6. O-O Nbd7 7. Nbd2 Qe8 8. e4
e5 9. dxe5 dxe5 10. Bg3 Qe7 11. c3 c6 12. a4 b6 13. Re1 Kh8 14. Qc2 h6 15. Rad1
Nh5 16. b4 a6 17. Bf1 b5 18. Nb3 Nb6 19. Nc5 Nxg3 20. hxg3 Be6 21. Rd2 Rfc8 22.
Red1 Rc7 23. a5 Nd7 24. Nxe6 Qxe6 25. c4 Raa7 26. Rd6 Qe7 27. c5 Nf8 28. Qc3 Kh7
29. Bd3 Ne6 30. Nxe5 Qg5 31. f4 Qxg3 32. Qe1 Qxe1+ 33. Rxe1 Nxf4 34. Nf3 Bc3 35.
Rb1 Rd7 36. Bf1 Rxd6 37. cxd6 Rd7 38. Rb3 Bg7 39. g3 Nh5 40. e5 Nxg3 41. Rc3 f6
42. Rxc6 fxe5 43. Rxa6 Nf5 44. Bxb5 Rxd6 45. Rxd6 Nxd6 46. Bc6 e4 47. Ne1 Bd4+
48. Kf1 Nc4 49. Nc2 Ne3+ 50. Nxe3 Bxe3 51. Ke2 Bd4 52. Bxe4 Kg7 53. Kd3 Bf2 54.
Kc4 Kf7 55. Kd5 Ke7 56. Kc6 Ke6 57. Bxg6 Ke5 58. b5 Kd4 59. b6 Kc3 60. a6 1-0

[Event "Baku Open 2014"]
[Site "Baku AZE"]
[Date "2014.09.27"]
[Round "6.33"]
[White "Hojjatova, Aydan"]
[Black "Babayev, Talib"]
[Result "0-1"]
[WhiteTitle "WCM"]
[BlackTitle "IM"]
[WhiteElo "2014"]
[BlackElo "2342"]
[WhiteFideId "13401491"]
[BlackFideId "13401432"]
[EventDate "2014.09.22"]

1. e4 c6 2. d4 d5 3. Nc3 g6 4. Nf3 Bg7 5. h3 Nh6 6. Be2 O-O 7. O-O f6 8. Re1 Nf7
9. Bf1 Na6 10. exd5 cxd5 11. Bf4 Nb4 12. a3 Nc6 13. Bg3 b6 14. Nb5 e5 15. c4
dxc4 16. dxe5 Nfxe5 17. Nxe5 Nxe5 18. Bxe5 fxe5 19. Bxc4+ Kh8 20. Nd6 Qf6 21.
Qd5 Bf5 22. Nf7+ Kg8 23. Nd8+ Kh8 24. Qxa8 Rxd8 25. Qb7 Qg5 26. Bd5 Bc8 27. Qc6
Bxh3 28. Be4 Bg4 29. Re3 Bf8 30. b4 Kg7 31. Rae1 Kh6 32. Qc1 a5 33. Rg3 Qxc1 34.
Rxc1 Be6 35. bxa5 bxa5 36. Rc6 Rd1+ 37. Kh2 Bd7 38. Ra6 Rd4 39. Re3 a4 40. Ra7
Bc5 41. Rc7 Bb6 42. Rcc3 Rd6 43. Red3 Bd4 44. Rc7 Kg5 45. Rf3 Bg4 46. Rd3 h5 47.
Bc6 e4 48. Bxe4 Be5+ 49. f4+ Kxf4 50. Rc4 Rxd3 51. Bxd3+ Ke3+ 52. Kg1 Kxd3 53.
Rxa4 Bf5 54. Ra8 Bg3 55. a4 Kc4 56. a5 Kb5 57. a6 Kb6 58. a7 Kb7 59. Rd8 Kxa7
60. Kf1 Kb7 61. Ke2 Kc7 62. Rd4 Bg4+ 63. Ke3 Bd6 64. Ke4 Kd7 65. Rd5 Ke6 66. Ra5
Bf5+ 67. Kf3 Be5 68. Rb5 Kf6 69. Ra5 Bd7 70. Rc5 Kf5 71. Rc4 Bb5 72. Rc5 Bd3 73.
Ra5 Be4+ 74. Kf2 h4 75. Rb5 Kf4 76. Rb4 Bc3 77. Rb3 Bd4+ 78. Kf1 g5 79. Rh3 Bd5
80. Ra3 Be3 81. Rc3 g4 82. Rc2 g3 83. Rb2 h3 84. gxh3 Kf3 85. Rc2 Bc4+ 86. Ke1
g2 87. Rxg2 Kxg2 88. h4 Bf2+ 89. Kd2 Bxh4 90. Kc3 Be6 91. Kd4 Bf6+ 92. Kc5 Kf3
93. Kd6 Bf7 94. Kc5 Ke4 95. Kd6 Kd4 96. Kc6 Kc4 97. Kd6 Kb5 98. Kd7 Kc5 99. Kc7
Be6 100. Kb7 Bd8 101. Ka6 Bd7 102. Kb7 Kb5 103. Ka7 Bc6 104. Kb8 Kb6 105. Kc8
Be7 106. Kb8 Bd7 107. Ka8 Bf6 108. Kb8 Be5+ 109. Ka8 Bc6# 0-1

[Event "Baku Open 2014"]
[Site "Baku AZE"]
[Date "2014.09.27"]
[Round "6.34"]
[White "Amrayeva, Aytan"]
[Black "Mammadova, Narmin"]
[Result "0-1"]
[WhiteElo "2144"]
[BlackElo "2124"]
[WhiteFideId "13405101"]
[BlackFideId "13403710"]
[EventDate "2014.09.22"]

1. c4 c6 2. Nc3 d5 3. d4 Nf6 4. Nf3 dxc4 5. e3 b5 6. a4 b4 7. Nb1 e6 8. Bxc4 a5
9. Nbd2 Be7 10. Nb3 Nbd7 11. Qe2 Bb7 12. O-O O-O 13. Rd1 Qc7 14. e4 c5 15. e5
Nd5 16. Bd2 N5b6 17. Bb5 c4 18. Rac1 Bd5 19. Be3 Rfc8 20. Na1 Qb7 21. b3 cxb3
22. Rb1 Rc3 23. Bd2 Rxf3 24. gxf3 Bxf3 25. Qf1 Qe4 26. Qh3 b2 27. Re1 bxa1=Q 28.
Rxa1 Qg6+ 29. Qg3 Qh5 30. Rec1 Bh4 31. Qh3 Bxf2+ 0-1

[Event "Baku Open 2014"]
[Site "Baku AZE"]
[Date "2014.09.28"]
[Round "7.12"]
[White "Rasulov, Vugar"]
[Black "Kovalenko, Igor"]
[Result "1/2-1/2"]
[WhiteTitle "GM"]
[BlackTitle "GM"]
[WhiteElo "2514"]
[BlackElo "2650"]
[WhiteFideId "13402390"]
[BlackFideId "14117908"]
[EventDate "2014.09.22"]

1. e4 e5 2. Nf3 Nc6 3. Bb5 a6 4. Ba4 Nf6 5. O-O Be7 6. Re1 b5 7. Bb3 O-O 8. c3
d6 9. d4 Bg4 10. Be3 Bh5 11. h3 Na5 12. dxe5 dxe5 13. Qxd8 Raxd8 14. Nxe5 Bd6
15. Nd3 Nxe4 16. Nf4 Bg6 17. Nxg6 hxg6 18. Bc2 Rfe8 19. Bd4 Nc5 20. Nd2 Ne6 21.
Be3 Bf4 22. Bxf4 Nxf4 23. Nf3 Nc4 24. g3 Ne6 25. b4 Kf8 26. Rad1 Rxd1 27. Rxd1
Nd6 28. h4 Nd8 29. Re1 Rxe1+ 30. Nxe1 Nc6 31. a4 bxa4 32. Bxa4 Ne5 33. f3 Ke7
34. Kf2 Nb5 35. Bxb5 axb5 36. Ke3 Kd6 37. Ke4 Nd7 38. Nd3 c5 39. bxc5+ Nxc5+ 40.
Nxc5 Kxc5 41. Kd3 Kd5 42. Ke3 Kc4 43. Kd2 Kb3 44. Kd3 Kb2 45. c4 bxc4+ 46. Kxc4
Kc2 47. Kd5 Kd3 48. Kd6 Ke3 49. Ke7 f5 50. Kf7 Kxf3 51. Kxg6 Kxg3 52. Kxf5 Kxh4
53. Kg6 1/2-1/2

[Event "Baku Open 2014"]
[Site "Baku AZE"]
[Date "2014.09.28"]
[Round "7.13"]
[White "Romanishin, Oleg M"]
[Black "Volokitin, Andrei"]
[Result "0-1"]
[WhiteTitle "GM"]
[BlackTitle "GM"]
[WhiteElo "2502"]
[BlackElo "2642"]
[WhiteFideId "14100088"]
[BlackFideId "14107090"]
[EventDate "2014.09.22"]

1. d4 f5 2. g3 Nf6 3. Bg2 g6 4. h4 Bg7 5. Nh3 d6 6. Nc3 c6 7. d5 e5 8. dxe6 Bxe6
9. Ng5 Qe7 10. O-O d5 11. b3 Bd7 12. Be3 Na6 13. Bd4 h6 14. Nf3 g5 15. Ne5 Rg8
16. hxg5 hxg5 17. b4 Ne4 18. Nxe4 Bxe5 19. Bxe5 Qxe5 20. Nd2 f4 21. b5 cxb5 22.
Nf3 Qd6 23. Qd4 O-O-O 24. Ne5 Be8 25. Rfd1 Nc7 26. c4 bxc4 27. Nxc4 Qa6 28. Rac1
Ba4 29. Rd2 fxg3 30. fxg3 dxc4 31. Bh3+ g4 32. Bxg4+ Bd7 33. Bxd7+ Kb8 34. g4
Qh6 35. Rxc4 Rh8 36. Qd6 Qe3+ 37. Kg2 Qh3+ 38. Kf2 Rxd7 0-1

[Event "Baku Open 2014"]
[Site "Baku AZE"]
[Date "2014.09.28"]
[Round "7.14"]
[White "Darini, Pouria"]
[Black "Mamedov, Nidjat"]
[Result "1-0"]
[WhiteTitle "GM"]
[BlackTitle "GM"]
[WhiteElo "2442"]
[BlackElo "2624"]
[WhiteFideId "12502200"]
[BlackFideId "13400819"]
[EventDate "2014.09.22"]

1. e4 d6 2. d4 Nf6 3. Nc3 e5 4. Nf3 Nbd7 5. Bc4 Be7 6. O-O O-O 7. Re1 c6 8. a4
exd4 9. Nxd4 Ne5 10. Bf1 Re8 11. h3 Bf8 12. Bg5 h6 13. Bh4 Bd7 14. Bg3 Qc7 15.
f4 Ng6 16. Qf3 a6 17. Kh1 Rad8 18. Rad1 b5 19. axb5 axb5 20. b4 Ra8 21. Ra1 Rxa1
22. Rxa1 Bc8 23. Re1 Bb7 24. Bd3 Bc8 25. Nf5 Bxf5 26. exf5 Rxe1+ 27. Bxe1 Ne7
28. g4 d5 29. g5 Ne8 30. Ne2 Nc8 31. Bc3 Qe7 32. f6 Qd7 33. fxg7 Bxg7 34. Bxg7
Kxg7 35. Qh5 hxg5 36. Nd4 Ncd6 37. Qh7+ Kf8 38. Bf5 Qb7 39. fxg5 Ke7 40. g6 Nf6
41. Qh8 Qb6 42. g7 Nde8 43. Qf8+ Kd8 44. c3 Qa6 45. Qxf7 Qa1+ 46. Kg2 Qb2+ 47.
Nc2 1-0

[Event "Baku Open 2014"]
[Site "Baku AZE"]
[Date "2014.09.28"]
[Round "7.15"]
[White "Mammadov, Zaur"]
[Black "Wen, Yang"]
[Result "1-0"]
[WhiteTitle "IM"]
[BlackTitle "GM"]
[WhiteElo "2482"]
[BlackElo "2598"]
[WhiteFideId "13401033"]
[BlackFideId "8602956"]
[EventDate "2014.09.22"]

1. d4 d6 2. e4 Nf6 3. Bd3 g6 4. Nf3 Bg7 5. O-O O-O 6. Nbd2 Nc6 7. c3 e5 8. dxe5
dxe5 9. Qe2 Nh5 10. Bb5 Nf4 11. Qe3 Ne7 12. Rd1 g5 13. b3 a6 14. Bf1 Neg6 15.
Ba3 Re8 16. g3 g4 17. Ne1 Ne6 18. h4 Qf6 19. Ng2 Nef4 20. gxf4 exf4 21. e5 Rxe5
22. Qd4 Be6 23. Nc4 f3 24. Nxe5 fxg2 25. Bxg2 Nxe5 26. Bxb7 Rb8 27. Bg2 Qxh4 28.
Qf4 Qh5 29. Be7 Bh6 30. Qh2 Qxh2+ 31. Kxh2 Kg7 32. Bh4 Rb5 33. Bg3 Ng6 34. c4
Rh5+ 35. Kg1 f5 36. Bxc7 f4 37. Bd5 Bf5 38. Re1 f3 39. Re8 Bg5 40. Rg8+ Kh6 41.
Bf7 Bf6 42. Re1 g3 43. Bxg3 Bh3 44. Re4 Bg2 45. Bh2 Bh4 46. Bxg6 Bxf2+ 47. Kxf2
Rxh2 48. Bf7 Bh1+ 49. Kg3 Rg2+ 50. Kh3 1-0

[Event "Baku Open 2014"]
[Site "Baku AZE"]
[Date "2014.09.28"]
[Round "7.16"]
[White "Maghsoodloo, Parham"]
[Black "Shimanov, Aleksandr"]
[Result "1/2-1/2"]
[BlackTitle "GM"]
[WhiteElo "2321"]
[BlackElo "2624"]
[WhiteFideId "12539929"]
[BlackFideId "4198603"]
[EventDate "2014.09.22"]

1. Nf3 d5 2. e3 Nf6 3. b3 g6 4. Bb2 Bg7 5. Be2 O-O 6. c4 e6 7. O-O b6 8. Nc3 Bb7
9. Qc2 Nbd7 10. Rac1 a6 11. Rfd1 dxc4 12. bxc4 c5 13. a4 Qc7 14. Ne1 Ne5 15. h3
Nc6 16. d3 Rfd8 17. Ba3 Ne8 18. Rb1 Rab8 19. Bf3 Nd6 20. Ne2 Nf5 21. Bb2 Nb4 22.
Qb3 Bxb2 23. Rxb2 a5 24. Bxb7 Rxb7 25. Rbd2 e5 26. Nc3 Qd6 27. Nc2 Rbd7 1/2-1/2

[Event "Baku Open 2014"]
[Site "Baku AZE"]
[Date "2014.09.28"]
[Round "7.17"]
[White "Mammadzada, Gunay"]
[Black "Givon, Asaf"]
[Result "1/2-1/2"]
[WhiteTitle "WFM"]
[BlackTitle "IM"]
[WhiteElo "2316"]
[BlackElo "2431"]
[WhiteFideId "13403729"]
[BlackFideId "2801841"]
[EventDate "2014.09.22"]

1. e4 c5 2. Nf3 e6 3. d4 cxd4 4. Nxd4 a6 5. Bd3 Nf6 6. O-O d6 7. c4 b6 8. Nc3
Bb7 9. Qe2 Be7 10. f4 O-O 11. Kh1 Nbd7 12. Bd2 Qc7 13. Rae1 Rad8 14. Nf3 g6 15.
e5 Nh5 16. Be4 dxe5 17. Bxb7 Qxb7 18. fxe5 Nc5 19. Bh6 Ng7 20. Ng5 Rd7 21. Rf3
f5 22. exf6 Rxf6 23. Nd5 Rxf3 24. Nxe7+ Rxe7 25. Nxf3 Nf5 26. Bg5 Re8 27. Ne5 h6
28. Bc1 Qg7 29. b4 Nd7 30. Bb2 Nxe5 31. Bxe5 Qe7 32. g4 Nh4 33. Rf1 Rf8 34.
Rxf8+ Qxf8 35. Bg3 Qf3+ 36. Qxf3 Nxf3 37. Kg2 Nd2 38. c5 bxc5 39. bxc5 Nc4 40.
Kf3 Kf7 41. Ke4 Na5 42. Be1 1/2-1/2

[Event "Baku Open 2014"]
[Site "Baku AZE"]
[Date "2014.09.28"]
[Round "7.18"]
[White "Pourramezanali, Amirreza"]
[Black "Kowsarinia, Amir"]
[Result "1-0"]
[WhiteTitle "IM"]
[BlackTitle "FM"]
[WhiteElo "2429"]
[BlackElo "2331"]
[WhiteFideId "12511412"]
[BlackFideId "12500089"]
[EventDate "2014.09.22"]

1. Nf3 Nf6 2. c4 c5 3. g3 e6 4. Bg2 d5 5. cxd5 exd5 6. d4 Be7 7. O-O O-O 8. Nc3
Nc6 9. Bg5 c4 10. Ne5 Be6 11. b3 h6 12. Bxf6 Bxf6 13. bxc4 dxc4 14. Nxc6 bxc6
15. e3 Qa5 16. Rc1 Rfc8 17. Qa4 Qxa4 18. Nxa4 Rab8 19. Nc5 Bd5 20. Rfd1 Rd8 21.
e4 Be6 22. Nxe6 fxe6 23. e5 Be7 24. Bxc6 Rb4 25. a3 Rb6 26. Rxc4 Bxa3 27. d5
exd5 28. Rxd5 Rf8 29. Rd3 Rb1+ 30. Kg2 Bb4 31. e6 1-0

[Event "Baku Open 2014"]
[Site "Baku AZE"]
[Date "2014.09.28"]
[Round "7.19"]
[White "Lorparizangeneh, Shahin"]
[Black "Iskandarov, Misratdin"]
[Result "1-0"]
[WhiteTitle "FM"]
[BlackTitle "IM"]
[WhiteElo "2277"]
[BlackElo "2398"]
[WhiteFideId "12521604"]
[BlackFideId "13400312"]
[EventDate "2014.09.22"]

1. d4 Nf6 2. c4 g6 3. Nc3 Bg7 4. e4 d6 5. Nf3 O-O 6. Be2 e5 7. O-O Nc6 8. Be3
Ng4 9. Bg5 f6 10. Bh4 g5 11. Bg3 Nh6 12. dxe5 dxe5 13. Qc2 Be6 14. Rad1 Qe8 15.
Nd5 Rc8 16. b4 Ne7 17. c5 Ng6 18. Bc4 Kh8 19. Ne3 Bd7 20. Rd2 Bc6 21. Rfd1 Nf4
22. Nd5 Ne6 23. Nc3 a6 24. h3 Nf4 25. Bxf4 exf4 26. Bd5 Nf7 27. Bxc6 bxc6 28.
Ne2 h5 29. Qb3 Bh6 30. Ned4 g4 31. Nh4 Rg8 32. Ndf5 Bf8 33. hxg4 hxg4 34. f3 Rb8
35. Qc3 Qe5 36. Qxe5 Nxe5 37. Kf2 Rxb4 38. Rh1 Kh7 39. Ne7 Rb1 40. Rxb1 Bxe7 41.
Rc1 g3+ 42. Ke2 Rb8 43. Nf5 Bf8 44. Nd4 Re8 45. Rb2 Kg6 46. Rb7 Re7 47. Rb8 Rd7
48. Rd1 Bxc5 49. Ne6 Rxd1 50. Nxf4+ Kf7 51. Kxd1 Be3 52. Nh5 Bf2 53. Rc8 Nd3 54.
Ke2 Nb4 55. a3 Nc2 56. Rxc7+ Kf8 57. Nxf6 1-0

[Event "Baku Open 2014"]
[Site "Baku AZE"]
[Date "2014.09.28"]
[Round "7.20"]
[White "Zanan, Evgeny"]
[Black "Guliev, Logman"]
[Result "0-1"]
[WhiteTitle "FM"]
[BlackTitle "IM"]
[WhiteElo "2303"]
[BlackElo "2377"]
[WhiteFideId "24101940"]
[BlackFideId "13400061"]
[EventDate "2014.09.22"]

1. e4 c5 2. Nf3 d6 3. d4 cxd4 4. Qxd4 Bd7 5. Be3 Nc6 6. Qd2 Nf6 7. Nc3 g6 8.
O-O-O Bg7 9. Bh6 O-O 10. Bc4 Rc8 11. Bb3 b5 12. Rhe1 a5 13. Bxg7 Kxg7 14. Nxb5
Nb4 15. e5 dxe5 16. Rxe5 Qb6 17. a4 Bf5 18. Rxf5 gxf5 19. Nfd4 Kh8 20. Nxf5 Qc5
21. Nbd4 Qe5 22. Kb1 e6 23. Nh6 Kg7 24. g4 Nbd5 25. g5 Ne4 26. Ndf5+ Kh8 27. Qd4
Qxd4 28. Rxd4 Nxg5 29. Bxd5 exf5 30. h4 Ne4 31. f3 Nd6 32. Bb3 Rc6 33. Rd5 Nb7
34. Nxf5 Rc5 35. Ne3 Re8 36. Rd3 Kg7 37. Nc4 Rh5 38. Rd4 Rf5 39. Rg4+ Kh6 40.
Nd2 Re2 41. Rd4 Nc5 42. Bd5 Nxa4 43. Nb3 Nb6 44. Be4 Rb5 45. Rd1 Re5 46. Nd4 Rg2
47. b3 Nd5 48. Kb2 Ne3 49. Rd3 f5 50. Rxe3 fxe4 51. f4 Re8 52. Ka3 Kh5 53. f5
Kg4 54. f6 Rf2 55. c4 Rxf6 56. c5 Kf4 57. Re1 e3 58. b4 Ke4 59. Nb5 Kd3 60. bxa5
e2 0-1

[Event "Baku Open 2014"]
[Site "Baku AZE"]
[Date "2014.09.28"]
[Round "7.21"]
[White "Golubov, Saveliy"]
[Black "Aharon, Ofir"]
[Result "1-0"]
[BlackTitle "FM"]
[WhiteElo "2347"]
[BlackElo "2341"]
[WhiteFideId "24176729"]
[BlackFideId "2800683"]
[EventDate "2014.09.22"]

1. e4 c5 2. Nf3 d6 3. d4 Nf6 4. Nc3 cxd4 5. Nxd4 a6 6. Be2 e5 7. Nb3 Be7 8. O-O
O-O 9. Bf3 Be6 10. Re1 Qc7 11. Be3 Rc8 12. Re2 Nbd7 13. a4 Nb6 14. Nd2 Nc4 15.
Nxc4 Qxc4 16. a5 Nd7 17. Rd2 Qc7 18. Bg4 b5 19. axb6 Nxb6 20. Bxe6 fxe6 21. Qg4
Kf7 22. Qh5+ Kg8 23. Qg4 Kf7 24. Bxb6 Qxb6 25. Nd1 h6 26. h4 Rc4 27. Ra3 Qc6 28.
Qh5+ Kg8 29. Rg3 Kh8 30. Nc3 Qe8 31. Qg4 Qg8 32. Rdd3 Rf8 33. Rdf3 Bf6 34. Qh5
Qf7 35. Rg6 Qe7 36. g4 Bxh4 37. Rxe6 Rxf3 38. Rxe7 Bxe7 39. Qe8+ Bf8 40. Kg2
Rcxc3 41. bxc3 Rf4 42. f3 Kh7 43. c4 g5 44. c5 dxc5 45. Qxe5 Rf7 46. Qe6 Ra7 47.
Kf1 a5 48. Qb6 Rf7 49. Ke2 c4 50. Qxa5 Bg7 51. Qd5 Rc7 52. Qd6 Rc8 53. Ke3 c3
54. e5 Re8 55. Ke4 Kh8 56. Kf5 Rf8+ 57. Kg6 Rg8 58. Kf7 Rf8+ 59. Qxf8+ Bxf8 60.
Kxf8 1-0

[Event "Baku Open 2014"]
[Site "Baku AZE"]
[Date "2014.09.28"]
[Round "7.22"]
[White "Asgarov, Mushfig"]
[Black "Rzayev, Bahruz"]
[Result "0-1"]
[BlackTitle "IM"]
[WhiteElo "2260"]
[BlackElo "2416"]
[WhiteFideId "13401734"]
[BlackFideId "13403036"]
[EventDate "2014.09.22"]

1. e4 e5 2. Nf3 Nc6 3. Bc4 Nf6 4. d3 Bc5 5. Nc3 h6 6. h3 a6 7. a3 d6 8. O-O g5
9. g4 Qe7 10. Nd5 Nxd5 11. Bxd5 f6 12. Bxc6+ bxc6 13. d4 Bb6 14. dxe5 dxe5 15.
Kg2 h5 16. Nh2 Bd7 17. Qf3 O-O-O 18. Be3 hxg4 19. Nxg4 Rh4 20. Qe2 Bxg4 21.
Qxa6+ Kb8 22. Bxb6 Bxh3+ 23. Kg3 cxb6 24. Qxb6+ Ka8 25. Qa6+ Qa7 26. Qxc6+ Qb7
27. Qxf6 Rdh8 0-1